| 000 | 02074cam a22005054i 4500 | ||
|---|---|---|---|
| 003 | PE-LiUPU | ||
| 005 | 20250731173424.0 | ||
| 008 | s2004 miu r 0 d spa 0 | ||
| 020 | _a0825411629 | ||
| 035 | _a(Sirsi) i9780825411625 | ||
| 035 | _a(Sirsi) 47881 | ||
| 035 | _a(Sirsi) 47881 | ||
| 041 | _aes | ||
| 082 | 0 | 4 |
_a241.4 _bD82 |
| 100 | 1 |
_aDrummond, Lewis A., _eautor. |
|
| 245 | 1 | 3 |
_aEl amor, lo más grande del mundo : _bun estudio devocional clásico de Henry Drumond sobre 1 Corintios 13 / _cLewis A. Drummond. |
| 264 | 1 |
_aGrand Rapids, Michigan : _bPortavoz, _c2004. |
|
| 300 |
_a167 páginas ; _c22 centímetros |
||
| 336 |
_atext _2rdacontent |
||
| 337 |
_aunmediated _2rdamedia |
||
| 338 |
_avolume _2rdacarrier |
||
| 500 | 0 | _aEl amor es sufrido, es benigno; el amor no tiene envia, el no es jactancioso, no se envanece; no hace nada indebido,... 1Corintios 13:4-7 - tomado de la cubiertaUn estudio devocional clásico de Henry Drummond sobre 1 Corintios 13 -- Tomado de | |
| 505 | 0 | _aUn esbozo de la vida y ministerio -- El amor: Lo más grande del mundo -- Las tres caras del amor -- El Espíritu Santo: El autor del amor -- El amor es un fruto -- El amor obedece -- El amor sirve | |
| 526 | _aSEG42 | ||
| 526 | _aSEG41 | ||
| 526 | _aSEG40 | ||
| 526 | _aSEG39 | ||
| 526 | _aP94 | ||
| 526 | _aP87 | ||
| 526 | _aP86 | ||
| 526 | _aP85 | ||
| 526 | _aP77 | ||
| 526 | _aP76 | ||
| 526 | _aP35 | ||
| 630 | 0 | 4 |
_aBiblia _pN.T. _pCorintios I _vComentarios. |
| 650 | 1 | 4 |
_aAmor _xCristianismo. |
| 700 | 1 |
_aDrummond, Henry _d1851-1897 |
|
| 700 | 1 |
_aRestrepo, Martha _etraductor. |
|
| 942 |
_2ddc _cBOOK |
||
| 949 |
_a241.4 D82 _i65694 _lCCODEBUL1 _mBUL _tLIBRO _o.STAFF. Colección Teología |
||
| 910 |
_agl _bjv _ngc _d20121024 |
||
| 596 | _a1 | ||
| 999 |
_a241.4 D82 _wDEWEY _c54126 _i65694 _d54126 _e2019-11-22 _f2021-11-10 _g5 _lCCODEBUL1 _mBUL _n3 _p26.00 _q1 _r0 _sY _tBOOK _u2015-7-6 _xTEOLOGIA _PP35 _0COMPRA _o.STAFF. Colección Teología |
||
| 980 |
_81 _gALBERTO SANCHEZ Responsable de Automatización |
||